UM Logo

Sa gitna ng lusak/ (Record no. 3331)

MARC details
000 -LEADER
fixed length control field 00438nam a22001577a 4500
008 - FIXED-LENGTH DATA ELEMENTS--GENERAL INFORMATION
fixed length control field 160709b xxu||||| |||| 00| 0 eng d
020 ## - INTERNATIONAL STANDARD BOOK NUMBER
International Standard Book Number 9715504620
082 ## - DEWEY DECIMAL CLASSIFICATION NUMBER
Edition number 2003
Classification number DFil 899.2113
Item number G44
245 ## - TITLE STATEMENT
Title Sa gitna ng lusak/
260 ## - PUBLICATION, DISTRIBUTION, ETC. (IMPRINT)
Place of publication, distribution, etc. Quezon City:
Name of publisher, distributor, etc. ADMU Press,
Date of publication, distribution, etc. c2003.
300 ## - PHYSICAL DESCRIPTION
Extent vii, 260 pages:
Dimensions 18 cm.
650 #0 - SUBJECT ADDED ENTRY--TOPICAL TERM
9 (RLIN) 11099
Topical term or geographic name as entry element Filipino poetry
700 ## - ADDED ENTRY--PERSONAL NAME
9 (RLIN) 11100
Personal name AƱonuevo, Roberto T.
365 ## - TRADE PRICE
Price amount 300.00
Currency code Php.
942 ## - ADDED ENTRY ELEMENTS (KOHA)
Source of classification or shelving scheme Dewey Decimal Classification
Koha item type Filipiniana
Holdings
Withdrawn status Lost status Source of classification or shelving scheme Damaged status Not for loan Collection code Home library Current library Date acquired Source of acquisition Total Checkouts Full call number Barcode Date last seen Cost, replacement price Price effective from Koha item type
    Dewey Decimal Classification     Filipiniana UM Digos College - LIC UM Digos College - LIC 09/06/2004 Purchased   DFil 899.2113 G44 2003 17709 05/15/2025 300.00 07/09/2016 Filipiniana